[Event "Online Olym Top DivA 2020"]
[Site "chess.com INT"]
[Date "2020.08.23"]
[Round "9.1"]
[Board "6"]
[White "Nguyen, Hong Anh"]
[Black "Mawire, Rumbidzai"]
[Result "1-0"]
[WhiteTitle "WIM"]
[BlackTitle "WCM"]
[WhiteElo "1970"]
[BlackElo "1388"]
[WhiteTeam "Vietnam"]
[BlackTeam "Zimbabwe"]
[WhiteFideId "12406732"]
[BlackFideId "14317940"]
[EventDate "2020.08.21"]
[EventType "team"]

1. d4 Nf6 2. c4 g6 3. Nf3 Bg7 4. g3 O-O 5. Bg2 d6 6. O-O Nbd7 7. Nc3 Re8 8. e4
e5 9. h3 exd4 10. Nxd4 Nc5 11. Re1 Ne6 12. Be3 Nc5 13. Qc2 Be6 14. b3 a6 15.
Rad1 Qc8 16. Kh2 Re7 17. Bf4 Nh5 18. Bg5 Re8 19. b4 Nd7 20. Nxe6 Rxe6 21. Nd5
Nhf6 22. c5 dxc5 23. bxc5 c6 24. Nxf6+ Nxf6 25. Bf3 Qc7 26. e5 Nd7 27. Bg4 f5
28. exf6 Rxe1 29. Qb3+ Kf8 30. fxg7+ Kxg7 31. Rxd7+ Qxd7 32. Bxd7 Rf8 33. Qc3+
Kg8 34. Qxe1 Kg7 35. Qe7+ Kg8 36. Be6+ Rf7 37. Qxf7+ Kh8 38. Bf6# 1-0

[Event "Online Olym Top DivA 2020"]
[Site "chess.com INT"]
[Date "2020.08.23"]
[Round "9.2"]
[Board "1"]
[White "Vidit, Santosh Gujrathi"]
[Black "Ding, Liren"]
[Result "1/2-1/2"]
[WhiteTitle "GM"]
[BlackTitle "GM"]
[WhiteElo "2726"]
[BlackElo "2791"]
[WhiteTeam "India"]
[BlackTeam "China"]
[WhiteFideId "5029465"]
[BlackFideId "8603677"]
[EventDate "2020.08.21"]
[EventType "team"]

1. d4 Nf6 2. c4 e6 3. Nf3 d5 4. Nc3 Bb4 5. Bg5 dxc4 6. e4 h6 7. Bxf6 Qxf6 8.
Bxc4 c5 9. O-O cxd4 10. Nb5 Qe7 11. Qxd4 O-O 12. Nxa7 Bc5 13. Nxc8 Rxc8 14. Qd3
Nc6 15. Bb3 Rd8 16. Qe2 Nd4 17. Nxd4 Rxd4 18. Rad1 Rad8 19. Rxd4 Rxd4 20. Rd1
Qf6 21. g3 Qe5 22. Bc2 Rxd1+ 23. Bxd1 g6 24. Kg2 Kg7 25. a4 Qd4 26. b3 b6 27.
Bc2 h5 28. h4 Qc3 29. Bd1 Qd4 30. Bc2 Qc3 31. Bd1 Qd4 32. Bc2 1/2-1/2

[Event "Online Olym Top DivA 2020"]
[Site "chess.com INT"]
[Date "2020.08.23"]
[Round "9.2"]
[Board "2"]
[White "Yu, Yangyi"]
[Black "Harikrishna, Pentala"]
[Result "1/2-1/2"]
[WhiteTitle "GM"]
[BlackTitle "GM"]
[WhiteElo "2709"]
[BlackElo "2732"]
[WhiteTeam "China"]
[BlackTeam "India"]
[WhiteFideId "8603820"]
[BlackFideId "5007003"]
[EventDate "2020.08.21"]
[EventType "team"]

1. d4 Nf6 2. c4 e6 3. Nc3 Bb4 4. Qc2 d5 5. a3 Bxc3+ 6. Qxc3 O-O 7. Nf3 dxc4 8.
Qxc4 b6 9. Bg5 Ba6 10. Qa4 Bb7 11. Rd1 h6 12. Bh4 Qd7 13. Qc2 Qc6 14. Qxc6 Nxc6
15. e3 Rac8 16. Rc1 Ne7 17. Bd3 c5 18. dxc5 Rxc5 19. Rxc5 bxc5 20. Ke2 Rb8 21.
Nd2 Bd5 22. b3 Nc6 23. Rb1 Nd7 24. Bg3 Rb7 25. f3 e5 26. Bc4 Bxc4+ 27. Nxc4 Kf8
28. Be1 Ke7 29. Bc3 f6 30. g4 Nb6 31. Nd2 Nd5 32. Rc1 Nd8 33. Ba5 Ne6 34. Rc4 g6
35. b4 cxb4 36. axb4 f5 37. gxf5 gxf5 38. Rh4 Rb5 39. Rxh6 Nxb4 40. Rh7+ Kf6 41.
Bxb4 Rxb4 42. Rxa7 Rh4 43. Nf1 f4 44. Ra6 Kf7 45. Ra5 Kf6 46. Kf2 fxe3+ 47. Kxe3
Nd4 48. Ra6+ Kg5 49. Ra8 Nf5+ 50. Kf2 e4 51. Rg8+ Kf6 52. Rf8+ Kg6 53. Rg8+ Kf7
54. Rg4 exf3 55. Rxh4 Nxh4 56. Nd2 Kg6 57. Kg3 Kh5 58. Nxf3 Nxf3 59. Kxf3 Kh6
60. h4 Kh7 61. h5 Kh8 62. h6 Kg8 63. h7+ Kxh7 1/2-1/2

[Event "Online Olym Top DivA 2020"]
[Site "chess.com INT"]
[Date "2020.08.23"]
[Round "9.2"]
[Board "3"]
[White "Koneru, Humpy"]
[Black "Hou, Yifan"]
[Result "1/2-1/2"]
[WhiteTitle "GM"]
[BlackTitle "GM"]
[WhiteElo "2586"]
[BlackElo "2658"]
[WhiteTeam "India"]
[BlackTeam "China"]
[WhiteFideId "5008123"]
[BlackFideId "8602980"]
[EventDate "2020.08.21"]
[EventType "team"]

1. d4 Nf6 2. Nf3 e6 3. c4 d5 4. Nc3 Bb4 5. Bg5 h6 6. Bxf6 Qxf6 7. e3 O-O 8. Rc1
Nd7 9. Qb3 Bxc3+ 10. Qxc3 c6 11. Bd3 Re8 12. O-O e5 13. dxe5 Nxe5 14. Nxe5 Qxe5
15. Qxe5 Rxe5 16. cxd5 Rxd5 17. Bc4 Rd8 18. Rfd1 Bf5 19. f3 g5 20. e4 Bg6 21.
Kf2 Kf8 22. b4 Ke7 23. Ke3 f5 24. exf5 Bxf5 25. g4 Bg6 26. f4 gxf4+ 27. Kxf4
Rxd1 28. Rxd1 Rf8+ 29. Kg3 Rf6 30. h4 b6 31. Re1+ Kd7 32. g5 hxg5 33. hxg5 Rd6
34. a3 Rd4 35. Be6+ Kd6 36. Re3 c5 37. bxc5+ bxc5 38. Bg4 Kd5 39. Bf3+ Kd6 40.
Bg4 Kd5 41. Bf3+ Kd6 42. Bg4 1/2-1/2

[Event "Online Olym Top DivA 2020"]
[Site "chess.com INT"]
[Date "2020.08.23"]
[Round "9.2"]
[Board "4"]
[White "Ju, Wenjun"]
[Black "Harika, Dronavalli"]
[Result "1/2-1/2"]
[WhiteTitle "GM"]
[BlackTitle "GM"]
[WhiteElo "2560"]
[BlackElo "2515"]
[WhiteTeam "China"]
[BlackTeam "India"]
[WhiteFideId "8603006"]
[BlackFideId "5015197"]
[EventDate "2020.08.21"]
[EventType "team"]

1. d4 Nf6 2. c4 g6 3. g3 Bg7 4. Bg2 O-O 5. Nc3 d6 6. Nf3 Nc6 7. O-O e5 8. dxe5
dxe5 9. Bg5 Be6 10. Nd2 Qb8 11. Qc1 Re8 12. Nde4 Nd7 13. Nd5 Nd4 14. Re1 Bxd5
15. cxd5 f6 16. Bd2 Qd8 17. e3 Nf5 18. Qc2 Nd6 19. Rac1 f5 20. Nxd6 cxd6 21. e4
fxe4 22. Be3 Nf6 23. Bxe4 Nxe4 24. Qxe4 Qd7 25. Rc2 Rac8 26. Rec1 Rxc2 27. Rxc2
a6 28. Qc4 Qf5 29. b3 h5 30. h4 Rf8 31. Qc7 Rf7 32. Qc8+ Kh7 33. Qxf5 gxf5 34.
Rc8 f4 35. Bb6 fxg3 36. fxg3 e4 37. Rc4 Be5 38. Rxe4 Bxg3 39. Kg2 Be5 40. Bd4
Bxd4 41. Rxd4 Rf5 1/2-1/2

[Event "Online Olym Top DivA 2020"]
[Site "chess.com INT"]
[Date "2020.08.23"]
[Round "9.2"]
[Board "5"]
[White "Praggnanandhaa, R"]
[Black "Liu, Yan"]
[Result "1-0"]
[WhiteTitle "GM"]
[BlackTitle "GM"]
[WhiteElo "2608"]
[BlackElo "2524"]
[WhiteTeam "India"]
[BlackTeam "China"]
[WhiteFideId "25059530"]
[BlackFideId "8608962"]
[EventDate "2020.08.21"]
[EventType "team"]

1. e4 e5 2. Nf3 Nf6 3. d4 Nxe4 4. dxe5 d5 5. Nbd2 Nxd2 6. Bxd2 Be7 7. Bd3 Bg4 8.
h3 Bh5 9. O-O Nd7 10. g4 Bg6 11. Bf5 c6 12. Bf4 Bxf5 13. gxf5 Qb6 14. Qe2 O-O-O
15. c4 dxc4 16. Qxc4 Qb4 17. Qxb4 Bxb4 18. Bg3 Be7 19. Rfe1 Nc5 20. Re2 Rd5 21.
Rc1 f6 22. Bh4 Bd8 23. Rc4 fxe5 24. Rg4 Bf6 25. Ng5 h6 26. Nf7 Rf8 27. Bxf6 gxf6
28. Nxh6 Rd7 29. Rg6 Nd3 30. Rd2 Nf4 31. Rxd7 Kxd7 32. Rg7+ Kc8 33. Kh2 Nh5 34.
Rh7 Nf4 35. h4 Rd8 36. Rf7 Nh5 37. Ng4 Rd4 38. Nxf6 Rxh4+ 39. Kg2 Nxf6 40. Rxf6
Rf4 41. Rf7 a5 42. Kg3 Kb8 43. f6 a4 44. Rf8+ Ka7 45. Re8 Rxf6 46. Rxe5 Kb6 47.
f4 Rd6 48. Re2 Rd1 49. f5 Rg1+ 50. Kf4 Rf1+ 51. Kg5 Kc5 52. f6 Kd4 53. Kg6 Kd3
54. Rg2 b5 55. f7 b4 56. Rg5 Rxf7 57. Kxf7 Kc2 58. Rg2+ Kb1 59. a3 bxa3 60. bxa3
c5 61. Ke6 c4 62. Kd5 c3 63. Kc4 c2 64. Rg1+ c1=Q+ 65. Rxc1+ Kxc1 66. Kb4 1-0

[Event "Online Olym Top DivA 2020"]
[Site "chess.com INT"]
[Date "2020.08.23"]
[Round "9.2"]
[Board "6"]
[White "Zhu, Jiner"]
[Black "Divya, Deshmukh"]
[Result "0-1"]
[WhiteTitle "WGM"]
[BlackTitle "WIM"]
[WhiteElo "2459"]
[BlackElo "2305"]
[WhiteTeam "China"]
[BlackTeam "India"]
[WhiteFideId "8608059"]
[BlackFideId "35006916"]
[EventDate "2020.08.21"]
[EventType "team"]

1. e4 c5 2. Nf3 d6 3. d4 cxd4 4. Nxd4 Nf6 5. Nc3 Nc6 6. Bg5 e6 7. Qd2 Be7 8.
O-O-O a6 9. f4 Bd7 10. Nf3 b5 11. Bxf6 gxf6 12. f5 Qb6 13. Qh6 O-O-O 14. Qh5
Rdf8 15. Kb1 Ne5 16. Bd3 Kb8 17. Ne2 Rhg8 18. Ng3 Ng4 19. Rd2 Bc6 20. fxe6 fxe6
21. Qxh7 Bd8 22. Re1 Be8 23. Qh3 Bf7 24. Nh1 Ne3 25. Rde2 Rh8 26. Qg3 Rfg8 27.
Qf2 Nxg2 28. Nd4 e5 29. Nf5 Nf4 30. Qxb6+ Bxb6 31. Rd2 d5 32. exd5 Bxd5 33. Ne7
Rg2 34. Rxg2 Bxg2 35. Ng3 Rxh2 36. Ne4 Bxe4 37. Bxe4 Bf2 38. Rf1 Kc7 39. a3 Kd7
40. Nf5 Bc5 41. Rd1+ Kc7 42. Re1 Re2 43. Rxe2 Nxe2 44. c3 Nf4 45. Kc2 Ne6 46.
Kd3 Bf2 47. Ke2 Bb6 48. Kd3 Nc5+ 49. Ke3 Na4+ 50. Kf3 Nxb2 51. Ne7 Kd7 52. Nd5
Bd8 53. Nb4 a5 54. Nc2 Na4 55. Bf5+ Kd6 56. Ke4 Nxc3+ 57. Kd3 Nd5 58. Be4 Nf4+
59. Kc3 Kc5 60. Bf5 Ne2+ 61. Kd2 Nd4 62. Nxd4 Kxd4 63. Bd7 b4 64. axb4 axb4 65.
Bf5 e4 66. Bh7 Bb6 67. Bg6 Bc5 68. Bh7 Ke5 69. Kc2 f5 70. Kb3 f4 71. Kc4 f3 0-1

[Event "Online Olym Top DivA 2020"]
[Site "chess.com INT"]
[Date "2020.08.23"]
[Round "9.3"]
[Board "2"]
[White "Fridman, Daniel"]
[Black "Vokhidov, Shamsiddin"]
[Result "1-0"]
[WhiteTitle "GM"]
[BlackTitle "GM"]
[WhiteElo "2615"]
[BlackElo "2512"]
[WhiteTeam "Germany"]
[BlackTeam "Uzbekistan"]
[WhiteFideId "11600454"]
[BlackFideId "14204223"]
[EventDate "2020.08.21"]
[EventType "team"]

1. d4 Nf6 2. Nf3 e6 3. c4 b6 4. g3 Bb7 5. Bg2 Be7 6. O-O O-O 7. d5 exd5 8. Nd4
Bc6 9. cxd5 Bxd5 10. Bxd5 Nxd5 11. e4 Nb4 12. Re1 N4c6 13. Nf5 Bf6 14. Nc3 Bxc3
15. bxc3 Ne7 16. Ba3 c5 17. Nd6 Nbc6 18. f4 Nc8 19. Nf5 N8e7 20. Nd6 Nc8 21. Nf5
N6e7 22. Ne3 d5 23. exd5 Nd6 24. c4 Qd7 25. Bb2 Rad8 26. a4 Nef5 27. Qd3 Rfe8
28. Ng4 Rxe1+ 29. Rxe1 Qxa4 30. Ne5 f6 31. Nc6 Rd7 32. Rc1 Ne7 33. Qe2 Nxc6 34.
Qe6+ Rf7 35. dxc6 Qxc6 36. Rd1 Qe4 37. Rxd6 Qb1+ 38. Kg2 Qxb2+ 39. Kh3 g5 40.
Rd7 g4+ 41. Qxg4+ Kf8 42. Rd8+ 1-0

[Event "Online Olym Top DivA 2020"]
[Site "chess.com INT"]
[Date "2020.08.23"]
[Round "9.3"]
[Board "3"]
[White "Kurbonboeva, Sarvinoz"]
[Black "Melamed, Tatjana"]
[Result "1-0"]
[WhiteTitle "WGM"]
[BlackTitle "WGM"]
[WhiteElo "2234"]
[BlackElo "2336"]
[WhiteTeam "Uzbekistan"]
[BlackTeam "Germany"]
[WhiteFideId "14201780"]
[BlackFideId "14102145"]
[EventDate "2020.08.21"]
[EventType "team"]

1. d4 Nf6 2. c4 g6 3. Nc3 Bg7 4. e4 d6 5. h3 O-O 6. Bg5 c5 7. d5 a6 8. a4 e6 9.
Bd3 exd5 10. cxd5 Nbd7 11. Nf3 Re8 12. O-O Ne5 13. Nxe5 dxe5 14. a5 Qd6 15. Na4
c4 16. Bxf6 Qxf6 17. Bxc4 Qg5 18. Qf3 f5 19. Nb6 fxe4 20. Qxe4 Bf5 21. h4 Qh5
22. d6+ Kh8 23. Qxb7 Rab8 24. d7 Red8 25. Qc7 Qxh4 26. Bxa6 Qg5 27. Bc8 Bh3 28.
g3 Qf6 29. Kh2 Bxf1 30. Rxf1 e4 31. Qxb8 e3 32. Qf4 e2 33. Re1 Qxb2 34. Qe4 Bf6
35. Rxe2 Qb5 36. Bb7 Qxa5 37. Qe8+ Kg7 38. Re7+ Kh6 39. Qxd8 Qh5+ 40. Kg2 Qc5
41. Qf8+ Kg5 42. Re5+ Qxe5 43. f4+ 1-0

[Event "Online Olym Top DivA 2020"]
[Site "chess.com INT"]
[Date "2020.08.23"]
[Round "9.3"]
[Board "5"]
[White "Saydaliev, Saidakbar"]
[Black "Vogel, Roven"]
[Result "1/2-1/2"]
[WhiteTitle "FM"]
[BlackTitle "IM"]
[WhiteElo "2384"]
[BlackElo "2456"]
[WhiteTeam "Uzbekistan"]
[BlackTeam "Germany"]
[WhiteFideId "14203693"]
[BlackFideId "12908088"]
[EventDate "2020.08.21"]
[EventType "team"]

1. e4 e5 2. Nf3 Nc6 3. Bb5 Nf6 4. d3 Bc5 5. c3 O-O 6. O-O d6 7. h3 a6 8. Ba4 Ne7
9. d4 Ba7 10. Bc2 Ng6 11. Be3 Re8 12. Nbd2 Nh5 13. Nxe5 dxe5 14. Qxh5 exd4 15.
cxd4 Bxd4 16. Bxd4 Qxd4 17. Nf3 Qxb2 18. Bb3 Be6 19. Ng5 Nf8 20. Bxe6 fxe6 21.
Qf7+ Kh8 22. Qxc7 Qf6 23. f4 Re7 24. Qc5 Rd7 1/2-1/2

[Event "Online Olym Top DivA 2020"]
[Site "chess.com INT"]
[Date "2020.08.23"]
[Round "9.4"]
[Board "1"]
[White "Taher, Yoseph Theolifus"]
[Black "Pantsulaia, Levan"]
[Result "1/2-1/2"]
[WhiteTitle "IM"]
[BlackTitle "GM"]
[WhiteElo "2455"]
[BlackElo "2553"]
[WhiteTeam "Indonesia"]
[BlackTeam "Georgia"]
[WhiteFideId "7105347"]
[BlackFideId "13602071"]
[EventDate "2020.08.21"]
[EventType "team"]

1. d4 Nf6 2. c4 c5 3. Nf3 cxd4 4. Nxd4 a6 5. Nc3 e6 6. e4 Qc7 7. a3 Nxe4 8. Nxe4
Qe5 9. Bd3 Qxd4 10. Be3 Qxb2 11. O-O Nc6 12. f4 f5 13. Rf2 fxe4 14. Rxb2 exd3
15. Qxd3 Be7 16. Rf1 d6 17. Bb6 O-O 18. Re2 Rf7 19. Bc7 d5 20. Bb6 dxc4 21. Qxc4
Bxa3 22. f5 e5 23. f6 g6 24. Rd1 Bf8 25. g4 a5 26. g5 a4 27. Red2 e4 28. Bc7 a3
29. Kg2 Bb4 30. Rd8+ Nxd8 31. Rxd8+ Bf8 32. Qxe4 a2 33. Rxf8+ Rxf8 34. Qd5+ Rf7
35. Qd8+ Rf8 36. Qd5+ Rf7 37. Qd8+ Rf8 38. Qd5+ 1/2-1/2

[Event "Online Olym Top DivA 2020"]
[Site "chess.com INT"]
[Date "2020.08.23"]
[Round "9.4"]
[Board "2"]
[White "Paichadze, Luka"]
[Black "Priasmoro, Novendra"]
[Result "0-1"]
[WhiteTitle "GM"]
[BlackTitle "IM"]
[WhiteElo "2565"]
[BlackElo "2502"]
[WhiteTeam "Georgia"]
[BlackTeam "Indonesia"]
[WhiteFideId "13602934"]
[BlackFideId "7105029"]
[EventDate "2020.08.21"]
[EventType "team"]

1. e4 c5 2. Nf3 Nc6 3. c3 d5 4. exd5 Qxd5 5. d4 e6 6. Na3 Nf6 7. Nc2 Be7 8. Bd3
O-O 9. O-O cxd4 10. cxd4 b6 11. Qe2 Bb7 12. Bg5 Rfd8 13. Rfd1 h6 14. Bh4 Rac8
15. Ne3 Qh5 16. Bg3 Nb4 17. Bb1 Bxf3 18. gxf3 Nc6 19. d5 Nxd5 20. Nxd5 Rxd5 21.
Be4 Rxd1+ 22. Rxd1 Bc5 23. Qb5 Bxf2+ 0-1

[Event "Online Olym Top DivA 2020"]
[Site "chess.com INT"]
[Date "2020.08.23"]
[Round "9.4"]
[Board "3"]
[White "Sukandar, Irine Kharisma"]
[Black "Arabidze, Meri"]
[Result "1/2-1/2"]
[WhiteTitle "IM"]
[BlackTitle "IM"]
[WhiteElo "2413"]
[BlackElo "2428"]
[WhiteTeam "Indonesia"]
[BlackTeam "Georgia"]
[WhiteFideId "7101937"]
[BlackFideId "13604040"]
[EventDate "2020.08.21"]
[EventType "team"]

1. d4 Nf6 2. Bf4 d5 3. e3 e6 4. Nd2 Bd6 5. Bg3 c5 6. c3 Nc6 7. Ngf3 O-O 8. Bd3
b6 9. Qe2 Bb7 10. Rd1 h6 11. e4 Be7 12. e5 Nh5 13. a3 a5 14. Nf1 Qc8 15. Bb1 f5
16. exf6 Nxf6 17. Ne5 cxd4 18. cxd4 Ba6 19. Qc2 Nxe5 20. Bxe5 Qxc2 21. Bxc2 Rac8
22. Bb1 Ne4 23. f3 Nd6 24. Ne3 Nc4 25. Nxc4 dxc4 26. Ba2 b5 27. Kf2 Kf7 28. Rhe1
Rfd8 29. Bb1 b4 30. axb4 axb4 31. Be4 Bf6 32. Bxf6 Kxf6 33. d5 exd5 34. Bxd5 Rd6
35. Be4 Rcd8 36. Rxd6+ Rxd6 37. Ke3 Bb5 38. Ra1 Bd7 39. Ra7 Be6 40. h4 Rb6 41.
g4 c3 42. bxc3 b3 43. g5+ hxg5 44. hxg5+ Kxg5 45. Rxg7+ Kf6 46. Rg6+ Kf7 47. Rg1
Kf6 48. Rg6+ Kf7 49. Rg1 b2 50. Bb1 Kf6 51. Rg6+ Kf7 52. Rg1 Kf6 53. f4 Bf5 54.
Bxf5 Kxf5 55. Rb1 Re6+ 56. Kd4 Re2 57. c4 Kxf4 58. c5 Rc2 59. Kd5 Ke3 60. c6 Kd3
61. Kd6 Rxc6+ 62. Kxc6 Kc2 63. Rxb2+ Kxb2 1/2-1/2

[Event "Online Olym Top DivA 2020"]
[Site "chess.com INT"]
[Date "2020.08.23"]
[Round "9.4"]
[Board "4"]
[White "Batsiashvili, Nino"]
[Black "Sihite, Chelsie Monica Ignesias"]
[Result "1-0"]
[WhiteTitle "GM"]
[BlackTitle "WIM"]
[WhiteElo "2457"]
[BlackElo "2252"]
[WhiteTeam "Georgia"]
[BlackTeam "Indonesia"]
[WhiteFideId "13602993"]
[BlackFideId "7101198"]
[EventDate "2020.08.21"]
[EventType "team"]

1. d4 Nf6 2. c4 e6 3. Nc3 Bb4 4. e3 b6 5. Bd3 Bb7 6. Nf3 Bxc3+ 7. bxc3 d6 8. O-O
Nc6 9. e4 e5 10. c5 bxc5 11. Rb1 Rb8 12. Qa4 Qd7 13. Bb5 O-O 14. d5 a6 15. Bxc6
Bxc6 16. dxc6 Qg4 17. Rxb8 Rxb8 18. Qxa6 Qxe4 19. Qa7 Re8 20. Qxc7 d5 21. Qd6
Qf5 22. Qxc5 Ne4 23. Qxd5 Nxc3 24. Qd7 Qxd7 25. cxd7 Rd8 26. Bd2 Ne2+ 27. Kh1
Rxd7 28. Re1 Nd4 29. Nxd4 Rxd4 30. Rxe5 f6 31. Re2 Ra4 32. Be1 1-0

[Event "Online Olym Top DivA 2020"]
[Site "chess.com INT"]
[Date "2020.08.23"]
[Round "9.4"]
[Board "5"]
[White "Arfan, Aditya Bagus"]
[Black "Petriashvili, Nikoloz"]
[Result "0-1"]
[WhiteTitle "CM"]
[BlackTitle "IM"]
[WhiteElo "2274"]
[BlackElo "2423"]
[WhiteTeam "Indonesia"]
[BlackTeam "Georgia"]
[WhiteFideId "7106041"]
[BlackFideId "13611216"]
[EventDate "2020.08.21"]
[EventType "team"]

1. e4 c6 2. Nf3 d5 3. Nc3 g6 4. d4 Bg4 5. h3 Bxf3 6. Qxf3 dxe4 7. Qxe4 Nf6 8.
Qh4 Bg7 9. Be3 Nd5 10. Nxd5 Qxd5 11. c4 Qa5+ 12. Bd2 Qf5 13. O-O-O Bf6 14. Qf4
Nd7 15. g4 Qxf4 16. Bxf4 O-O-O 17. Be3 Nb6 18. Be2 Rd7 19. g5 Bg7 20. Rd2 h6 21.
Rhd1 hxg5 22. Bxg5 Bf6 23. Be3 e6 24. Bf1 Rh4 25. Kc2 c5 26. dxc5 Rxd2+ 27. Bxd2
Nxc4 28. Bc1 g5 29. b3 Na5 30. Rd3 Nc6 31. Rg3 Nb4+ 32. Kb1 Re4 33. Be3 Nd5 34.
Bd3 Rh4 35. Bd2 Kd7 36. a3 Nf4 37. Bf1 Be7 38. b4 a5 39. Kc2 axb4 40. axb4 Nd5
41. Kb3 Kc7 42. Bc4 Nf4 43. Bc1 Nxh3 44. Bb5 Nxf2 45. Be3 Ne4 46. Rf3 f5 47. Bc1
g4 48. Rd3 Bxc5 49. Rd7+ Kb6 50. Kc4 Nd6+ 51. Kb3 Rh3+ 52. Ka4 Nxb5 53. bxc5+
Kc6 54. Re7 Nc3+ 55. Ka5 Kd5 56. Rxb7 Kxc5 57. Ba3+ Kc4 58. Rc7+ Kd3 59. Bb2 Nd5
60. Rb7 Ke4 61. Ka6 g3 62. Rb3 f4 63. Ba3 f3 64. Bc5 f2 65. Rb1 Kf3 66. Rb3+ Kg2
67. Rb2 Rh1 68. Kb5 Re1 69. Kc6 Kf3 70. Rb3+ Ne3 0-1

[Event "Online Olym Top DivA 2020"]
[Site "chess.com INT"]
[Date "2020.08.23"]
[Round "9.4"]
[Board "6"]
[White "Lomaia, Diana"]
[Black "Fisabilillah, Ummi"]
[Result "1-0"]
[WhiteTitle "WCM"]
[BlackTitle "WIM"]
[WhiteElo "1999"]
[BlackElo "2159"]
[WhiteTeam "Georgia"]
[BlackTeam "Indonesia"]
[WhiteFideId "13612476"]
[BlackFideId "7104804"]
[EventDate "2020.08.21"]
[EventType "team"]

1. d4 e6 2. c4 Nf6 3. g3 d5 4. Nf3 Be7 5. Bg2 O-O 6. O-O dxc4 7. Qc2 a6 8. a4
Nbd7 9. Nbd2 Nd5 10. Nxc4 Nb4 11. Qb3 a5 12. Rd1 Nf6 13. Bd2 c6 14. Nfe5 Re8 15.
e4 b5 16. Nxa5 Qxa5 17. Nxc6 bxa4 18. Nxe7+ Rxe7 19. Qxb4 Qxb4 20. Bxb4 Rb7 21.
Ba3 Bd7 22. Rac1 h6 23. Rc5 Rb5 24. Rdc1 Rab8 25. Rc7 R5b7 26. R1c5 Rxc7 27.
Rxc7 Bb5 28. f3 Rd8 29. Bc5 Nd7 30. Be7 Re8 31. Ba3 Rd8 32. Bf1 Bxf1 33. Kxf1
Nb6 34. Rc6 Rb8 35. Ke2 Nd7 36. Kd3 Rb3+ 37. Rc3 Rb5 38. Rc4 Rb3+ 39. Ke2 Nb6
40. Rb4 Rxb4 41. Bxb4 f6 42. Kd3 Kf7 43. Bc5 Nd7 44. Kc4 e5 45. d5 g6 46. Be3 h5
47. Kb4 f5 48. Kxa4 fxe4 49. fxe4 Nf6 50. Kb5 Nxe4 51. Kc6 Ke7 52. b4 Nc3 53. b5
Kd8 54. Bg5+ Kc8 55. Bf6 Ne4 56. Bxe5 Ng5 57. b6 1-0

[Event "Online Olym Top DivA 2020"]
[Site "chess.com INT"]
[Date "2020.08.23"]
[Round "9.5"]
[Board "1"]
[White "Maghsoodloo, Parham"]
[Black "Bilguun, Sumiya"]
[Result "1/2-1/2"]
[WhiteTitle "GM"]
[BlackTitle "GM"]
[WhiteElo "2676"]
[BlackElo "2454"]
[WhiteTeam "Iran"]
[BlackTeam "Mongolia"]
[WhiteFideId "12539929"]
[BlackFideId "4901541"]
[EventDate "2020.08.21"]
[EventType "team"]

1. d4 d5 2. c4 e6 3. Nc3 c6 4. e4 dxe4 5. Nxe4 Bb4+ 6. Nc3 e5 7. dxe5 Qxd1+ 8.
Kxd1 Bf5 9. f4 Nd7 10. Nf3 O-O-O 11. Ke2 f6 12. h3 fxe5 13. fxe5 Ne7 14. a3 Bxc3
15. bxc3 Ng6 16. Be3 Ndxe5 17. Nxe5 Nxe5 18. Kf2 Bd3 19. Bxa7 Bxf1 20. Rhxf1
Nxc4 21. Kg1 Rhf8 22. Rxf8 Rxf8 23. Re1 Kd7 24. Re4 b5 25. a4 Ra8 26. Bc5 Re8
27. Rd4+ Ke6 28. axb5 cxb5 29. Rh4 h6 30. Bd4 Kf7 31. Rh5 Rb8 32. Rc5 Rb7 33.
Kf2 Nd6 34. Rc6 Ke6 35. Ke3 Kd7 36. Rc5 g6 37. Kd3 h5 38. Rg5 b4 39. c4 b3 40.
Rxg6 Rb4 41. c5 Nc4 42. Rg7+ Kc6 43. Rg6+ Kd7 44. Rg5 h4 45. Rg7+ Kc6 46. Rg6+
Kc7 47. Rg7+ Kc6 48. Rg6+ Kc7 49. Rh6 b2 50. Bxb2 Nxb2+ 51. Kc3 Rb8 52. Rxh4 Kc6
53. g4 Kxc5 54. g5 Kd6 55. g6 Ke7 56. Rf4 Nd1+ 57. Kd2 Rd8+ 58. Ke1 Ne3 59. Re4+
Kf6 60. Rxe3 Kxg6 61. Kf2 1/2-1/2

[Event "Online Olym Top DivA 2020"]
[Site "chess.com INT"]
[Date "2020.08.23"]
[Round "9.5"]
[Board "2"]
[White "Munkhgal, Gombosuren"]
[Black "Ghaem Maghami, Ehsan"]
[Result "0-1"]
[WhiteTitle "GM"]
[BlackTitle "GM"]
[WhiteElo "2501"]
[BlackElo "2561"]
[WhiteTeam "Mongolia"]
[BlackTeam "Iran"]
[WhiteFideId "4901266"]
[BlackFideId "12500739"]
[EventDate "2020.08.21"]
[EventType "team"]

1. d4 Nf6 2. Bf4 g6 3. Nc3 d5 4. e3 a6 5. h4 Bg7 6. Be2 h5 7. Nf3 c5 8. dxc5 Qa5
9. Be5 Nc6 10. Bd4 Bg4 11. Ne5 Bxe2 12. Qxe2 Nxe5 13. Bxe5 Qxc5 14. O-O O-O 15.
Rad1 Rac8 16. g3 e6 17. e4 Rfe8 18. Bd4 Qc4 19. Qxc4 Rxc4 20. exd5 Nxd5 21. Bxg7
Kxg7 22. Nxd5 exd5 23. Rd2 d4 24. Rfd1 Rec8 25. Rxd4 Rxd4 26. Rxd4 Rxc2 27. Rb4
b5 28. a4 Rc4 29. Rxc4 bxc4 30. Kf1 Kf6 31. Ke2 Ke5 32. a5 Kd4 33. Kd2 Kc5 34.
Kc3 f6 35. f3 g5 36. hxg5 fxg5 37. Kd2 Kd4 38. Ke2 h4 39. Kf2 Kd3 40. Kg2 Ke3
41. f4 gxf4 42. gxh4 Ke2 43. h5 f3+ 0-1

[Event "Online Olym Top DivA 2020"]
[Site "chess.com INT"]
[Date "2020.08.23"]
[Round "9.5"]
[Board "3"]
[White "Khademalsharieh, Sarasadat"]
[Black "Munguntuul, Batkhuyag"]
[Result "1-0"]
[WhiteTitle "IM"]
[BlackTitle "IM"]
[WhiteElo "2494"]
[BlackElo "2428"]
[WhiteTeam "Iran"]
[BlackTeam "Mongolia"]
[WhiteFideId "12512214"]
[BlackFideId "4900758"]
[EventDate "2020.08.21"]
[EventType "team"]

1. Nf3 d5 2. e3 Nf6 3. c4 e6 4. Nc3 c6 5. b3 Nbd7 6. Bb2 a6 7. d4 Bd6 8. Bd3 O-O
9. O-O e5 10. cxd5 cxd5 11. dxe5 Nxe5 12. h3 Be6 13. Nd4 Rc8 14. Nce2 Re8 15.
Bf5 Bb8 16. Nf4 Qd7 17. Bc2 Qc7 18. Rc1 Qd6 19. Nf3 Ned7 20. Bb1 h6 21. Qd4 Nc5
22. Rfd1 Red8 23. Nxe6 Nxe6 24. Qh4 Rxc1 25. Rxc1 Ne4 26. Bxe4 dxe4 27. Qxe4 Ng5
28. Qc2 Nxf3+ 29. gxf3 Qh2+ 30. Kf1 Qxh3+ 31. Ke2 Qg2 32. Qf5 Bg3 33. Rf1 Bh4
34. Qe4 Bg5 35. Bd4 Rc8 36. Rd1 b5 37. Qf5 Rd8 38. Qe4 Rc8 39. Qf5 Rd8 40. Qe4
h5 41. Rc1 h4 42. Qg4 Qxg4 43. fxg4 Be7 44. Rc6 a5 45. f4 Bb4 46. Kf3 Be1 47. g5
a4 48. bxa4 bxa4 49. Ra6 Rc8 50. Rxa4 Rc2 51. f5 Kh7 52. Be5 h3 53. Bg3 Bxg3 54.
Kxg3 Re2 55. Kxh3 Rxe3+ 56. Kg4 Re2 57. Ra7 Re4+ 58. Kf3 Rb4 59. Rxf7 Ra4 60. f6
Ra3+ 61. Kf4 Ra4+ 62. Kg3 Ra3+ 63. Kg4 Ra4+ 64. Kh5 Rxa2 65. Rxg7+ Kh8 66. Rb7
Ra8 67. Kh6 Rc8 68. Rh7+ 1-0